| 000 | 00419nam a2200169 a 4500 | ||
|---|---|---|---|
| 001 | 0000-8787 | ||
| 003 | ELIB.Books | ||
| 008 | 110520 1969 | ||
| 035 | _a(ELIB.Books)0000-8933 | ||
| 082 |
_a230 _bMet |
||
| 100 | _aMetz, Johannes B. | ||
| 245 | _aTheology of the World | ||
| 260 |
_bNew York: Herder and Herder _c1969 |
||
| 650 | _aTheology | ||
| 942 |
_2ddc _cBK |
||
| 998 |
_cbat _e2011-05-20 |
||
| 999 |
_c8787 _d8787 |
||